000 00370nam a2200169Ia 4500
008 210210b1938 xxu||||| |||| 00| 0 eng d
041 _aeng
082 _a828/592
100 _aSMITH (Janet A)
245 _aR L Stevenson
260 _aLondon
_bNot Mentioned
_c1938
650 _aStevenson
650 _aR
650 _aL
690 _aBiography
906 _a016437
999 _c135966
_d135966